| 000 | 00985cam a22003017a 4500 | ||
|---|---|---|---|
| 003 | CHAP | ||
| 005 | 20220329142033.0 | ||
| 008 | 990329d1998 mx a r 00110 spa d | ||
| 010 | _a77388 | ||
| 011 | _a78360 | ||
| 020 | _a9706480013 | ||
| 035 | _a88268 | ||
| 040 | _cCHAP | ||
| 082 | 0 | 4 |
_a633.11 _bD8 |
| 100 | 0 | 0 |
_aDuveiller, E. _eed. _934771 |
| 245 | 1 | 0 |
_aHelminthosporium blights of wheat : _bspot blotch and tan spot _c/ ed. by E. Duveiller (and others) |
| 260 |
_aMéxico, D.F. : _bCentro Internacional de Mejoramiento de Maíz y Trigo, _c1998. |
||
| 300 |
_a376 p. : _bilus. |
||
| 590 |
_aBATCH-UPD _b10 _c20130110 _lUCH01 _h0618 |
||
| 590 |
_aCONVERSION _b10 _c20130109 _lUCH01 _h1343 |
||
| 650 | 1 | 4 |
_aHelminthosporium. _953466 |
| 650 | 1 | 4 |
_aTrigo _xPlagas. _9115076 |
| 650 | 1 | 4 |
_aTrigo _xVariedades resistentes a plagas. _9115121 |
| 901 | _aBK | ||
| 905 | _aAlejandra Carrasco M. | ||
| 942 | _cLIBRO | ||
| 949 |
_a633.11 D8 _bBC _cLIBRO _d33724000715645 _eLIBRO _h94714 _i88268 _sb |
||
| 999 |
_c77388 _d77388 |
||